000 00627nam a2200205Ii 4500
003 JO-AjNU
008 230606s9999||||xx |||||||||||||| ||und||
020 _a3-540-20234-x
040 _aJO-AjNU
_beng
_erda
_cJO-AjNU
041 _aeng
050 1 4 _aQA76.76.H94.B858.2004
100 3 _aBulterman,Dick c/Rutledge,Lioyd,
_eauthor
_9979
245 0 0 _aSMIL2.0 interactive Multimedia for WEB AND MOBILE DEVICES
264 3 1 _aBerline:springer,2004
300 _a438p
336 _atext
_btxt
_2rdacontent
337 _aunmediated
_bn
_2rdamedia
338 _avolume
_bnc
_2rdacarrier
650 4 _aSMIL (Document markup language
_9980
999 _aE515
_c515
_d515